|
|
|
|
| LEADER |
01521nam a2200409 a 4500 |
| 001 |
EBC1204652 |
| 003 |
MiAaPQ |
| 005 |
20200520144314.0 |
| 006 |
m o d | |
| 007 |
cr cn||||||||| |
| 008 |
130321s2013 nyuad sb 001 0 eng d |
| 010 |
|
|
|z 2013007818
|
| 020 |
|
|
|z 9780814433225 (hardcover)
|
| 020 |
|
|
|z 0814433227 (hardcover)
|
| 020 |
|
|
|a 9780814433232 (electronic bk.)
|
| 035 |
|
|
|a (MiAaPQ)EBC1204652
|
| 035 |
|
|
|a (Au-PeEL)EBL1204652
|
| 035 |
|
|
|a (CaPaEBR)ebr10723825
|
| 035 |
|
|
|a (CaONFJC)MIL499675
|
| 035 |
|
|
|a (OCoLC)849936750
|
| 040 |
|
|
|a MiAaPQ
|c MiAaPQ
|d MiAaPQ
|
| 050 |
|
4 |
|a HF5415.332.Y66
|b F76 2013
|
| 082 |
0 |
4 |
|a 658.8/340842
|2 23
|
| 100 |
1 |
|
|a Fromm, Jeff.
|
| 245 |
1 |
0 |
|a Marketing to millennials
|h [electronic resource] :
|b reach the largest and most influential generation of consumers ever /
|c Jeff Fromm and Christie Garton.
|
| 260 |
|
|
|a New York :
|b AMACOM,
|c 2013.
|
| 300 |
|
|
|a xix, 202 p. :
|b ill.
|
| 504 |
|
|
|a Includes bibliographical references and index.
|
| 533 |
|
|
|a Electronic reproduction. Ann Arbor, MI : ProQuest, 2015. Available via World Wide Web. Access may be limited to ProQuest affiliated libraries.
|
| 650 |
|
0 |
|a Young adult consumers
|x Attitudes.
|
| 650 |
|
0 |
|a Generation Y
|x Attitudes.
|
| 650 |
|
0 |
|a Target marketing.
|
| 650 |
|
0 |
|a Consumer behavior.
|
| 655 |
|
4 |
|a Electronic books.
|
| 700 |
1 |
|
|a Garton, Christie.
|
| 710 |
2 |
|
|a ProQuest (Firm)
|
| 856 |
4 |
0 |
|u https://ebookcentral.proquest.com/lib/matrademy/detail.action?docID=1204652
|z Click to View
|